000 00262nam a2200121 i 4500
001 bg
245 0 _aTrends in Control Components.
260 _aAmsterdam,
_c1974.
040 _cBPK
041 _apol
942 _cKS
008 s pl f |000 0 pol
999 _c16799
_d16799
856 _uhttp://koha.tu.koszalin.pl/cgi-bin/koha/opac-detail.pl?biblionumber=16799
_yKatalog online BPK